Řízení spolehlivosti. STN 300-3-1 : Část 3: Návod k použití. Oddíl 1: Metody analýzy spolehlivosti: Metodický návod. Prosinec 1993
Gespeichert in:
| Format: | Buch |
|---|---|
| Sprache: | Tschechisch |
| Veröffentlicht: |
Praha :
Federální úřad pro normalizaci a měření,
1993
|
| Tags: |
Keine Tags, Fügen Sie das erste Tag hinzu!
|
MARC
| LEADER | 00000nam a22000003a 4500 | ||
|---|---|---|---|
| 001 | stu124804 | ||
| 005 | 20150408182244.7 | ||
| 008 | 060821s1993----xr------------------cze-d | ||
| 040 | |a STU |b slo | ||
| 041 | 0 | |a cze | |
| 044 | |a xr | ||
| 245 | |a Řízení spolehlivosti. STN 300-3-1 : |b Část 3: Návod k použití. Oddíl 1: Metody analýzy spolehlivosti: Metodický návod. Prosinec 1993 | ||
| 260 | |a Praha : |b Federální úřad pro normalizaci a měření, |c 1993 | ||
| 300 | |a 14 s | ||
| 996 | |b MN221 1 |c M*N-221-1 |l MMKN |s A |a 24 |w stu124804_0001 | ||